1159 1780 1800 1794 1275 1333 1509 1104 1321 1245 1616 1102 1945 1884 1193 1896 1136 1294 1534 1571 1007 1137 1908 1858 1658 1105 1745 1022 1731 1218 1088 1277 1790 1161 1659 1133 1636 1183 1511 1772 1144 1443 1085 1578 1372 1741 1910 1686 1589 1023 1581 1915 1427 1760 1139 1107 1409 1171 1017 1311 1546 1850 1069 1155 1384 1906 1335 1181 1918 1700 1473 1339 1358 1377 1261 1765 1741 1262 1151 1468 1595 1500 1194 1693 1622 1168 1200 1979 1018 1935 1044 1086 1314 1595 1765 1000 1437 1290 1181 BCNSPRNW ULIB Ver.6.0+V

เปลี่ยนเป็นภาษาไทย

Change to English
 แสดงรายละเอียดบรรณานุกรม
  กลับหน้าหลัก

Brief Record : Get Marc (ISO 2709) : E-mail record : QR code < ปิดหน้าต่าง
LEADER : 00000nam 2200000uu 4500
001    13399125222
003     ULIB
008    161118s2558||||th 000 0 tha d
050 04 ^aLB1025^bป533ค
100 0  ^aดร.ปัทมา ทองสม,อาจารย์เฟื่องฟ้า นรพัลลภ,ดร.อัจฉรา จั่นเพ็ชรและดร.ธนวันต์ ศรีอมรรัตนกุล
245 10 ^aคู่มือครูในการจัดการเรียนการสอนโดยใช้ปัญหาเป็นหลักสำหรับวิทยาลัยพยาบาลในสังกัดสถาบันพระบรมราชชนก /^cดร.ปัทมา ทองสม,อาจารย์เฟื่องฟ้า นรพัลลภ,ดร.อัจฉรา จั่นเพ็ชรและดร.ธนวันต์ ศรีอมรรัตนกุล
260    ^aนนทบุรี :^bโรงพิมพ์ยุทธรินทร์การพิมพ์,^c2558
300    ^a95 หน้า :^bภาพประกอบ ;^c21 ซม
650  0 ^aคู่มือครู^bการเรียนการสอน
945    ^p0^l0^i001529
945    ^p0^l0^i001552
999    ^aวรรณษา ชูชัยมงคล
รายการนี้ยังไม่มีแท็ก
คุณยังไม่ได้ล็อกอิน คุณสามารถมีกิจกรรมร่วมกับเว็บไซต์ได้ แต่ต้องล็อกอินก่อน ::
  ล็อกอิน

รายการสื่อสารสนเทศ

ลำดับที่ ประเภท เลขเรียก/บาร์โค้ด สถานที่ สถานะ
1. การศึกษาทั่วไป
การศึกษาทั่วไป
LB1025 ป533ค ฉ.1 
  Barcode: 001529
ห้องสมุดวิทยาเขตสวรรค์ประชารักษ์
►หนังสือทั่วไป
บนชั้น
2. Book การพยาบาล
Book การพยาบาล
LB1025 ป533ค ฉ.2 
  Barcode: 001552
ห้องสมุดวิทยาเขตสวรรค์ประชารักษ์
►หนังสือทั่วไป
บนชั้น

BibComment


ยังไม่เคยถูกคอมเมนท์

คอมเมนท์ทรัพยากรรายการนี้
  คอมเมนท์: คู่มือครูในการจั..


 Copyright 2026. Bcnsprnw @Library